[Event "Böblinger Open 2014"]
[Site "Böblingen"]
[Date "2016.12.28"]
[Round "4.10"]
[White "Bänziger, Fabian"]
[Black "Mager, Denis"]
[Result "1-0"]
[WhiteElo "2343"]
[BlackElo "2272"]
[PlyCount "55"]
[EventDate "2016.??.??"]
[WhiteTeam "SV March-Höfe"]
[BlackTeam "SG Speyer-Schwegenheim"]

1. d4 d5 2. c4 c6 3. cxd5 cxd5 4. Nc3 Nf6 5. Bf4 Nc6 6. e3 Bg4 7. Qb3 Qd7 8. h3
Bf5 9. Nf3 e6 10. Ne5 Qc8 11. Rc1 Be7 12. Bb5 O-O 13. Ne2 Bb4+ 14. Nc3 a5 15.
O-O Nd7 16. Nxd7 Qxd7 17. Na4 Rad8 18. Nb6 Qe8 19. Bxc6 bxc6 20. Bc7 Rd7 21.
Nxd7 Qxd7 22. Bg3 h5 23. a3 Be7 24. Rc3 h4 25. Bh2 Rc8 26. Qa4 Bd6 27. Bxd6
Qxd6 28. Rfc1 1-0

[Event "Böblinger Open 2014"]
[Site "Böblingen"]
[Date "2016.12.28"]
[Round "4.11"]
[White "Maddens, Martijn"]
[Black "Schneider, Bernd"]
[Result "1-0"]
[WhiteElo "2230"]
[BlackElo "2320"]
[PlyCount "103"]
[EventDate "2016.??.??"]
[WhiteTeam "Torrewachters Roeselare"]
[BlackTeam "SC Untergrombach"]

1. e4 c5 2. c3 d5 3. exd5 Qxd5 4. d4 g6 5. Na3 a6 6. Nf3 Bg7 7. Bc4 Qe4+ 8. Be3
h6 9. Qb3 e6 10. dxc5 Nf6 11. Rd1 O-O 12. Bd3 Qc6 13. O-O Nbd7 14. Qc4 Nd5 15.
Bd4 N7f6 16. Be5 Rd8 17. b4 Qe8 18. Qb3 Bd7 19. Qb2 Ba4 20. Rd2 Nh5 21. Nc4
Ndf4 22. Be4 Rxd2 23. Qxd2 Rd8 24. Nd6 Bxe5 25. Nxe5 Qe7 26. Qe3 f5 27. Bf3 g5
28. Nxb7 g4 29. Nxd8 gxf3 30. Ndc6 Bxc6 31. Nxc6 Nh3+ 32. Kh1 fxg2+ 33. Kxg2
N5f4+ 34. Kh1 Qb7 35. Qf3 Qb5 36. Rg1+ Nxg1 37. Qxf4 Qxc6+ 38. Kxg1 Qa4 39. Qc4
Qc6 40. a4 Kf7 41. b5 axb5 42. axb5 Qf3 43. c6 f4 44. h3 Qd1+ 45. Kg2 f3+ 46.
Kg3 Qg1+ 47. Kxf3 Qh1+ 48. Ke2 Qxh3 49. c7 Qh5+ 50. Kd2 Qg5+ 51. Kc2 Qf5+ 52.
Kb2 1-0

[Event "Böblinger Open 2014"]
[Site "Böblingen"]
[Date "2016.12.28"]
[Round "5.1"]
[White "Danielsen, Henrik"]
[Black "Dann, Matthias"]
[Result "1/2-1/2"]
[WhiteElo "2481"]
[BlackElo "2482"]
[PlyCount "21"]
[EventDate "2016.??.??"]
[WhiteTeam "SF Schwerin"]
[BlackTeam "TSV Schott Mainz"]

1. Nf3 Nf6 2. c4 g6 3. Nc3 Bg7 4. g3 O-O 5. Bg2 d6 6. O-O a6 7. d3 e5 8. Rb1 h6
9. b4 Be6 10. a4 c6 11. b5 1/2-1/2

[Event "Böblinger Open 2014"]
[Site "Böblingen"]
[Date "2016.12.28"]
[Round "5.2"]
[White "Vujic, Branimir"]
[Black "Braun, Arik"]
[Result "0-1"]
[WhiteElo "2385"]
[BlackElo "2585"]
[PlyCount "42"]
[EventDate "2016.??.??"]
[WhiteTeam "SC Böblingen"]
[BlackTeam "SV Hockenheim"]

1. d4 c5 2. dxc5 e6 3. Nc3 Bxc5 4. Ne4 Nf6 5. Nxc5 Qa5+ 6. c3 Qxc5 7. Qd4 b6 8.
Be3 Qh5 9. Nf3 Bb7 10. Qd6 Nc6 11. Nd4 Na5 12. O-O-O Nc4 13. Qg3 O-O 14. Qg5
Nxe3 15. Qxe3 Rac8 16. h4 Qa5 17. Kb1 Be4+ 18. Ka1 e5 19. Nb3 Qa4 20. Rd6 Rc4
21. f3 Qxa2+ 0-1

[Event "Böblinger Open 2014"]
[Site "Böblingen"]
[Date "2016.12.28"]
[Round "5.3"]
[White "Perske, Thore"]
[Black "Fedorovsky, Michael"]
[Result "1/2-1/2"]
[WhiteElo "2384"]
[BlackElo "2472"]
[PlyCount "34"]
[EventDate "2016.??.??"]
[WhiteTeam "SV Hofheim"]
[BlackTeam "FC Bayern München"]

1. e4 c5 2. Nf3 d6 3. Bb5+ Nd7 4. O-O Ngf6 5. Re1 a6 6. Bf1 e5 7. c3 Be7 8. d4
cxd4 9. cxd4 O-O 10. Nc3 b5 11. dxe5 dxe5 12. a4 b4 13. Nd5 Bb7 14. Nxf6+ Nxf6
15. Qxd8 Raxd8 16. Nxe5 Nxe4 17. Bd3 Nc5 1/2-1/2

[Event "Böblinger Open 2014"]
[Site "Böblingen"]
[Date "2016.12.28"]
[Round "5.4"]
[White "Bänziger, Fabian"]
[Black "Sandalakis, Angelos"]
[Result "1/2-1/2"]
[WhiteElo "2343"]
[BlackElo "2443"]
[PlyCount "32"]
[EventDate "2016.??.??"]
[WhiteTeam "SV March-Höfe"]

1. Nf3 Nf6 2. c4 e6 3. g3 d5 4. d4 Bb4+ 5. Bd2 Bd6 6. Bg2 c6 7. Qc2 Nbd7 8. O-O
O-O 9. Bc3 Ne4 10. Nfd2 f5 11. Nxe4 fxe4 12. f3 exf3 13. exf3 c5 14. Qe2 Qf6
15. Kh1 cxd4 16. Bxd4 e5 1/2-1/2

[Event "Böblinger Open 2014"]
[Site "Böblingen"]
[Date "2016.12.28"]
[Round "5.5"]
[White "Kantor, Gergely"]
[Black "Maddens, Martijn"]
[Result "1-0"]
[WhiteElo "2442"]
[BlackElo "2230"]
[PlyCount "53"]
[EventDate "2016.??.??"]
[BlackTeam "Torrewachters Roeselare"]

1. d4 d5 2. c4 e6 3. g3 c6 4. Bg2 dxc4 5. Nf3 b5 6. Ne5 Bd7 7. a4 b4 8. Qc2 Nf6
9. Qxc4 Nd5 10. a5 Qc8 11. e4 Nf6 12. Bf4 Be7 13. O-O O-O 14. Rc1 a6 15. Nd2
Rd8 16. Nb3 Be8 17. d5 Bd6 18. Nd3 Bxf4 19. Nxf4 Nbd7 20. dxe6 Ne5 21. Qc5 Nd3
22. Nxd3 Rxd3 23. Nd4 fxe6 24. Qc4 Rd2 25. Qxb4 Rd3 26. Qc4 Rd2 27. Qc3 1-0

[Event "Böblinger Open 2014"]
[Site "Böblingen"]
[Date "2016.12.28"]
[Round "5.6"]
[White "Trkulja, Goran"]
[Black "Vogel, Roven"]
[Result "0-1"]
[WhiteElo "2294"]
[BlackElo "2420"]
[PlyCount "74"]
[EventDate "2016.??.??"]
[WhiteTeam "SVG Alsdorf"]
[BlackTeam "USV TU Dresden"]

1. Nf3 Nf6 2. c4 c6 3. Qc2 d5 4. e3 g6 5. d4 Bg7 6. Nc3 O-O 7. cxd5 cxd5 8. Ne5
Bf5 9. Bd3 Bxd3 10. Qxd3 Nbd7 11. f4 e6 12. O-O a6 13. a4 Re8 14. Bd2 Bf8 15.
Rfc1 Bb4 16. Nb1 Bd6 17. Be1 Rc8 18. Nd2 Rxc1 19. Rxc1 Qb8 20. Nxd7 Nxd7 21.
Qc2 Nb6 22. Qb3 Rc8 23. Rxc8+ Nxc8 24. Nf3 Qc7 25. h3 Bf8 26. Bh4 Nd6 27. Kh2
Qc4 28. Qd1 Qa2 29. b3 Qa3 30. Qd2 Qxb3 31. Qa5 Qxe3 32. Qc7 h6 33. Qb8 Kg7 34.
Ne5 Ne4 35. Nd7 Bd6 36. Bf6+ Nxf6 37. Qxd6 Nxd7 0-1

[Event "Böblinger Open 2014"]
[Site "Böblingen"]
[Date "2016.12.28"]
[Round "5.7"]
[White "Martin, Julian"]
[Black "Nagy, Gabor"]
[Result "1/2-1/2"]
[WhiteElo "2291"]
[BlackElo "2432"]
[PlyCount "59"]
[EventDate "2016.??.??"]
[WhiteTeam "OSG Baden-Baden"]

1. e4 c5 2. Nf3 d6 3. d4 cxd4 4. Nxd4 Nf6 5. Nc3 Nc6 6. Bg5 Bd7 7. Qd2 Nxd4 8.
Qxd4 Qa5 9. f4 e5 10. Qd2 Be7 11. Bxf6 Bxf6 12. Qxd6 Bc6 13. b4 Qd8 14. Qxd8+
Rxd8 15. f5 Rd4 16. Bd3 Rxb4 17. Ke2 Rd4 18. Rab1 a6 19. Rhd1 Bd8 20. Nd5 Bxd5
21. exd5 b5 22. d6 O-O 23. c4 bxc4 24. Bc2 Ba5 25. Ke3 Rd8 26. Rxd4 exd4+ 27.
Kxd4 Rxd6+ 28. Kxc4 g6 29. Be4 Kg7 30. fxg6 1/2-1/2

[Event "Böblinger Open 2014"]
[Site "Böblingen"]
[Date "2016.12.28"]
[Round "5.8"]
[White "Nguyen, Thai Dai Van"]
[Black "Naßhan, Dennis"]
[Result "1/2-1/2"]
[WhiteElo "2429"]
[BlackElo "2321"]
[PlyCount "68"]
[EventDate "2016.??.??"]
[BlackTeam "SV Worms"]

1. e4 c6 2. d4 d5 3. Nc3 dxe4 4. Nxe4 Bf5 5. Ng3 Bg6 6. h4 h6 7. Nf3 Nd7 8. h5
Bh7 9. Bd3 Bxd3 10. Qxd3 e6 11. Bd2 Be7 12. O-O-O Ngf6 13. Ne4 Nxe4 14. Qxe4
Nf6 15. Qe2 Qd5 16. Kb1 Qe4 17. Be3 Ng4 18. Nd2 Qf5 19. Nf1 Nxe3 20. Nxe3 Qe4
21. g3 Bg5 22. f4 Bf6 23. Qd3 Qxd3 24. Rxd3 O-O-O 25. Rhd1 Be7 26. c3 Bd6 27.
Nc4 Bc7 28. Ne5 Bxe5 29. dxe5 Rxd3 30. Rxd3 Rd8 31. Kc2 Rxd3 32. Kxd3 g6 33. g4
gxh5 34. gxh5 Kd7 1/2-1/2

[Event "Böblinger Open 2014"]
[Site "Böblingen"]
[Date "2016.12.28"]
[Round "5.9"]
[White "Kvisla, Johannes Luangtep"]
[Black "Kvetny, Mark"]
[Result "0-1"]
[WhiteElo "2269"]
[BlackElo "2389"]
[PlyCount "60"]
[EventDate "2016.??.??"]
[WhiteTeam "Stavanger SK"]
[BlackTeam "Stuttgarter SF"]

1. Nf3 c5 2. e4 d6 3. Bb5+ Nd7 4. O-O Ngf6 5. Re1 a6 6. Bd3 g6 7. c3 Bg7 8. a4
O-O 9. Bc2 e5 10. d3 b6 11. Nbd2 Bb7 12. d4 cxd4 13. cxd4 exd4 14. Nxd4 Re8 15.
b4 d5 16. Bb2 Nxe4 17. Nxe4 dxe4 18. Qb1 Nf6 19. b5 Ng4 20. Bxe4 Bxd4 21. Bxd4
Qxd4 22. Bxb7 Nxf2 23. Qa2 Nd3+ 24. Kh1 Nxe1 25. Bxa8 Rxa8 26. Rxe1 axb5 27.
Rf1 Qc4 28. Qxc4 bxc4 29. Rb1 Rxa4 30. Kg1 c3 0-1

[Event "Böblinger Open 2014"]
[Site "Böblingen"]
[Date "2016.12.28"]
[Round "5.17"]
[White "Skoberne, Jure"]
[Black "Michalczak, Thomas"]
[Result "1-0"]
[WhiteElo "2551"]
[BlackElo "2258"]
[PlyCount "45"]
[EventDate "2016.??.??"]
[BlackTeam "SG Solingen"]

1. Nf3 Nf6 2. g3 g6 3. Bg2 Bg7 4. O-O O-O 5. c4 d6 6. d4 Nc6 7. Nc3 e5 8. dxe5
dxe5 9. Bg5 Be6 10. Qa4 h6 11. Rad1 Qe8 12. Be3 Nd7 13. Nd5 Nb6 14. Qc2 Nxd5
15. cxd5 Nb4 16. Qd2 Nxd5 17. Bxh6 Rd8 18. Bxg7 Kxg7 19. Nxe5 Nf6 20. Qc3 Bxa2
21. Bxb7 Qe6 22. Bf3 Rb8 23. Nd7 1-0

[Event "Böblinger Open 2014"]
[Site "Böblingen"]
[Date "2016.12.29"]
[Round "6.1"]
[White "Braun, Arik"]
[Black "Danielsen, Henrik"]
[Result "1-0"]
[WhiteElo "2585"]
[BlackElo "2481"]
[PlyCount "67"]
[EventDate "2016.??.??"]
[WhiteTeam "SV Hockenheim"]
[BlackTeam "SF Schwerin"]

1. d4 d6 2. e4 Nf6 3. f3 e5 4. d5 Be7 5. Be3 c6 6. c4 a5 7. Nc3 Na6 8. Qd2 Nd7
9. Nh3 Ndc5 10. Nf2 a4 11. Be2 Bd7 12. O-O Qa5 13. Rfd1 Nb4 14. dxc6 bxc6 15.
Nb5 Nb7 16. a3 Nc2 17. Qxc2 cxb5 18. cxb5 O-O 19. Rac1 Rfc8 20. Qd2 Bd8 21. Qd5
Rxc1 22. Rxc1 Rb8 23. Kf1 Bb6 24. Nd1 Bxe3 25. Nxe3 Qb6 26. Rc3 Kf8 27. g3 g6
28. Kg2 Qd4 29. Kf2 Nc5 30. Rc4 Qxd5 31. Nxd5 Rxb5 32. Rb4 Rb7 33. Ke3 Bc6 34.
Nc3 {Time - Zeitüberschreitung} 1-0

[Event "Böblinger Open 2014"]
[Site "Böblingen"]
[Date "2016.12.29"]
[Round "6.2"]
[White "Dann, Matthias"]
[Black "Kantor, Gergely"]
[Result "1/2-1/2"]
[WhiteElo "2482"]
[BlackElo "2442"]
[PlyCount "62"]
[EventDate "2016.??.??"]
[WhiteTeam "TSV Schott Mainz"]

1. e4 e5 2. Nf3 Nc6 3. Bb5 Nf6 4. d3 Bc5 5. Bxc6 dxc6 6. Nbd2 Be6 7. O-O Bd6 8.
d4 Nd7 9. dxe5 Nxe5 10. Nxe5 Bxe5 11. f4 Bd4+ 12. Kh1 f6 13. c3 Bb6 14. f5 Bf7
15. e5 fxe5 16. Qg4 Qd5 17. c4 Qd4 18. Qxg7 Rg8 19. Qf6 Qg4 20. Qxe5+ Kf8 21.
Qe4 Re8 22. Qxg4 Rxg4 23. b3 Re2 24. g3 Bd4 25. Ba3+ c5 26. Rad1 Be8 27. Nf3
Kf7 28. Nxd4 Rxd4 29. Rxd4 cxd4 30. Kg1 Rxa2 31. Bc5 Bc6 1/2-1/2

[Event "Böblinger Open 2014"]
[Site "Böblingen"]
[Date "2016.12.29"]
[Round "6.3"]
[White "Vogel, Roven"]
[Black "Perske, Thore"]
[Result "1/2-1/2"]
[WhiteElo "2420"]
[BlackElo "2384"]
[PlyCount "24"]
[EventDate "2016.??.??"]
[WhiteTeam "USV TU Dresden"]
[BlackTeam "SV Hofheim"]

1. d4 Nf6 2. Nf3 g6 3. Nbd2 d5 4. e3 Bg7 5. b4 O-O 6. Bb2 a5 7. b5 c5 8. c4
cxd4 9. Bxd4 Nbd7 10. Qb3 a4 11. Qb2 a3 12. Qc3 Re8 1/2-1/2

[Event "Böblinger Open 2014"]
[Site "Böblingen"]
[Date "2016.12.29"]
[Round "6.4"]
[White "Fedorovsky, Michael"]
[Black "Höfelsauer, Thomas"]
[Result "1-0"]
[WhiteElo "2472"]
[BlackElo "2358"]
[PlyCount "63"]
[EventDate "2016.??.??"]
[WhiteTeam "FC Bayern München"]
[BlackTeam "SK München Südost"]

1. d4 Nf6 2. c4 c5 3. d5 b5 4. cxb5 a6 5. e3 Bb7 6. Nc3 Qa5 7. Bd2 axb5 8. Bxb5
Qb6 9. Nf3 Nxd5 10. Nxd5 Bxd5 11. a4 e6 12. Bc3 Be7 13. Ne5 Qb7 14. O-O O-O 15.
Qg4 f5 16. Qg3 Rf6 17. f3 d6 18. Nc4 Rg6 19. Nxd6 Qc7 20. Ne8 Qxg3 21. hxg3 Ra7
22. Rfd1 Nc6 23. Nxg7 Nb4 24. Nxf5 exf5 25. Bxb4 Bb3 26. Bc3 Bxd1 27. Rxd1 Rd6
28. Rxd6 Bxd6 29. a5 Bxg3 30. f4 Bh4 31. a6 Kf7 32. Ba5 1-0

[Event "Böblinger Open 2014"]
[Site "Böblingen"]
[Date "2016.12.29"]
[Round "6.5"]
[White "Sandalakis, Angelos"]
[Black "Gu, Xiaobing"]
[Result "1-0"]
[WhiteElo "2443"]
[BlackElo "2324"]
[PlyCount "97"]
[EventDate "2016.??.??"]

1. e4 c5 2. Nf3 d6 3. d4 cxd4 4. Nxd4 Nf6 5. Nc3 a6 6. Bc4 e6 7. Bb3 Nbd7 8.
Bg5 Qa5 9. Qd2 Be7 10. O-O-O O-O 11. Kb1 Qc7 12. h4 Nc5 13. f3 b5 14. g4 b4 15.
Nce2 Bd7 16. Ng3 a5 17. Nh5 a4 18. Bc4 Ncxe4 19. fxe4 Qxc4 20. Bxf6 Bxf6 21.
Nxf6+ gxf6 22. g5 f5 23. h5 a3 24. b3 Qc3 25. Qxc3 bxc3 26. exf5 e5 27. Ne2
Bxf5 28. Ng3 Bg4 29. Rxd6 Rfd8 30. Rd3 Rac8 31. Re3 Rd2 32. Rc1 Kg7 33. Re4 Bd1
34. Re1 Rcd8 35. h6+ Kf8 36. Ne4 Bh5 37. Nxc3 Re8 38. Ne4 Rh2 39. Nf6 Re6 40.
Nxh7+ Ke7 41. Rh1 Rxh1 42. Rxh1 Bf3 43. Re1 e4 44. Nf6 Kf8 45. c4 e3 46. Kc2
Bg2 47. Rd1 Ra6 48. Rd8+ Ke7 49. Re8+ 1-0

[Event "Böblinger Open 2014"]
[Site "Böblingen"]
[Date "2016.12.29"]
[Round "6.6"]
[White "Kvetny, Mark"]
[Black "Bänziger, Fabian"]
[Result "1/2-1/2"]
[WhiteElo "2389"]
[BlackElo "2343"]
[PlyCount "45"]
[EventDate "2016.??.??"]
[WhiteTeam "Stuttgarter SF"]
[BlackTeam "SV March-Höfe"]

1. d4 Nf6 2. c4 g6 3. Nc3 Bg7 4. e4 d6 5. Be2 O-O 6. Bg5 a6 7. Qd2 c6 8. Nf3 b5
9. a3 bxc4 10. Bxc4 d5 11. Bxf6 exf6 12. Be2 dxe4 13. Nxe4 Re8 14. Nc3 Nd7 15.
O-O Nb6 16. b4 Be6 17. Rfe1 f5 18. a4 Qd6 19. Rab1 Nc4 20. Qa2 Nb6 21. Qd2 Nc4
22. Qa2 Nb6 23. Qd2 1/2-1/2

[Event "Böblinger Open 2014"]
[Site "Böblingen"]
[Date "2016.12.29"]
[Round "6.7"]
[White "Hasenohr, Benedict"]
[Black "Kuklin, Valentin"]
[Result "0-1"]
[WhiteElo "2244"]
[BlackElo "2366"]
[PlyCount "86"]
[EventDate "2016.??.??"]
[WhiteTeam "SC Weiler im Allgäu"]
[BlackTeam "SC Böblingen"]

1. d4 Nf6 2. c4 c5 3. d5 e6 4. Nc3 exd5 5. cxd5 d6 6. Nf3 g6 7. Bf4 a6 8. a4
Bg7 9. h3 O-O 10. e3 Qe7 11. Nd2 Nbd7 12. Be2 Ne8 13. O-O Ne5 14. Qb3 f5 15.
Bg3 g5 16. f4 Ng6 17. Nc4 gxf4 18. Bxf4 Nxf4 19. Rxf4 Rb8 20. Qb6 Bd7 21. Bd3
Bh6 22. Rf3 f4 23. exf4 Rxf4 24. Raf1 Rxf3 25. Rxf3 Bg7 26. Ne4 Bxa4 27. Ncxd6
Nxd6 28. Qxd6 Qxd6 29. Nxd6 Bxb2 30. Rf7 b5 31. Bxh7+ Kh8 32. Re7 b4 33. Bf5
Bd4+ 34. Kh1 b3 35. Rh7+ Kg8 36. Ra7 b2 37. Bh7+ Kh8 38. Bb1 Bb3 39. Nf5 Bxd5
40. Ne7 Bb7 41. Ng6+ Kg7 42. Ne7 Kf6 43. Nf5 Ke5 0-1

[Event "Böblinger Open 2014"]
[Site "Böblingen"]
[Date "2016.12.29"]
[Round "6.9"]
[White "Junesch, Gerhard"]
[Black "Shishkin, Vadim"]
[Result "0-1"]
[WhiteElo "2292"]
[BlackElo "2452"]
[PlyCount "68"]
[EventDate "2016.??.??"]
[WhiteTeam "SG Ludwigsburg"]

1. Nf3 Nf6 2. c4 g6 3. Nc3 Bg7 4. e4 O-O 5. d4 d6 6. Be2 e5 7. Be3 Ng4 8. Bg5
f6 9. Bh4 Nc6 10. d5 Ne7 11. Nd2 f5 12. Bxg4 fxg4 13. Bg5 h6 14. Be3 c5 15. Rb1
a5 16. a3 b6 17. b4 axb4 18. axb4 Bd7 19. O-O Kh7 20. Qb3 Nc8 21. bxc5 bxc5 22.
Ra1 Rxa1 23. Rxa1 Bf6 24. Qb7 Rf7 25. Nf1 Bg5 26. Ra8 Kg7 27. Bxg5 Qxg5 28.
Rxc8 Bxc8 29. Qxc8 Qc1 30. Nb5 Qe1 31. f3 gxf3 32. gxf3 Rxf3 33. Qd7+ Rf7 34.
Qh3 Qf2+ 0-1

[Event "Böblinger Open 2014"]
[Site "Böblingen"]
[Date "2016.12.29"]
[Round "6.10"]
[White "Nagy, Gabor"]
[Black "Ortmann, David"]
[Result "1-0"]
[WhiteElo "2432"]
[BlackElo "2317"]
[PlyCount "73"]
[EventDate "2016.??.??"]
[BlackTeam "SC Böblingen"]

1. e4 c6 2. d4 d5 3. Nc3 dxe4 4. Nxe4 Nd7 5. Ng5 Ngf6 6. Bd3 e6 7. N1f3 Bd6 8.
Qe2 h6 9. Ne4 Nxe4 10. Qxe4 Nf6 11. Qe2 b6 12. Bd2 Bb7 13. O-O-O Qc7 14. Ne5
O-O-O 15. Ba6 Rhe8 16. f4 Nd5 17. Bxb7+ Kxb7 18. c4 Nxf4 19. Bxf4 f6 20. Bxh6
gxh6 21. Nf3 Qh7 22. g3 e5 23. dxe5 fxe5 24. Rhe1 Bb4 25. Rxd8 Rxd8 26. Qe4
Qxe4 27. Rxe4 Rf8 28. Nxe5 Rf2 29. Nd3 Bd2+ 30. Kd1 Rxh2 31. Re7+ Ka6 32. a3 b5
33. Nc5+ Ka5 34. Nb3+ Ka4 35. Nxd2 bxc4 36. Rxa7+ Kb5 37. Rb7+ 1-0

[Event "Böblinger Open 2014"]
[Site "Böblingen"]
[Date "2016.12.29"]
[Round "6.11"]
[White "Gandrud, Vegar Koi"]
[Black "Nguyen, Thai Dai Van"]
[Result "1-0"]
[WhiteElo "2279"]
[BlackElo "2429"]
[PlyCount "75"]
[EventDate "2016.??.??"]

1. d4 Nf6 2. c4 e6 3. Nf3 b6 4. g3 Ba6 5. Nbd2 Bb4 6. Qa4 Be7 7. e4 Bb7 8. Bd3
O-O 9. O-O d6 10. Qc2 h6 11. b4 a5 12. b5 c5 13. e5 Nfd7 14. exd6 Bxd6 15. Be4
Qc7 16. Bxb7 Qxb7 17. Qe4 Qxe4 18. Nxe4 Be7 19. Ba3 f5 20. Nc3 Rc8 21. Rac1
cxd4 22. Bxe7 dxc3 23. Rxc3 Ra7 24. Rd1 Kh7 25. Nd4 Rac7 26. Bd6 Rxc4 27. Rxc4
Rxc4 28. Bxb8 Nxb8 29. Nxe6 Rc8 30. Rd6 a4 31. Rxb6 a3 32. Rb7 Kh8 33. Nxg7 f4
34. Kg2 Rf8 35. gxf4 Rxf4 36. Ne6 Rg4+ 37. Kf3 Rg8 38. Ke4 1-0

[Event "Böblinger Open 2014"]
[Site "Böblingen"]
[Date "2016.12.29"]
[Round "7.1"]
[White "Dann, Matthias"]
[Black "Braun, Arik"]
[Result "1/2-1/2"]
[WhiteElo "2482"]
[BlackElo "2585"]
[PlyCount "47"]
[EventDate "2016.??.??"]
[WhiteTeam "TSV Schott Mainz"]
[BlackTeam "SV Hockenheim"]

1. e4 c6 2. d4 d5 3. exd5 cxd5 4. c4 Nf6 5. Nc3 Nc6 6. Bg5 Ne4 7. Nxe4 dxe4 8.
Ne2 Bg4 9. Qc2 Qd7 10. a3 Bxe2 11. Bxe2 Nxd4 12. Qxe4 f5 13. Qd3 e5 14. Rd1 g6
15. Bf3 h6 16. Bf6 Bg7 17. Bxg7 Qxg7 18. Bd5 O-O-O 19. f4 g5 20. fxe5 Qxe5+ 21.
Kd2 Ne6 22. Qc3 Qxc3+ 23. Kxc3 Nf4 24. Rhe1 1/2-1/2

[Event "Böblinger Open 2014"]
[Site "Böblingen"]
[Date "2016.12.29"]
[Round "7.2"]
[White "Kuklin, Valentin"]
[Black "Fedorovsky, Michael"]
[Result "1/2-1/2"]
[WhiteElo "2366"]
[BlackElo "2472"]
[PlyCount "30"]
[EventDate "2016.??.??"]
[WhiteTeam "SC Böblingen"]
[BlackTeam "FC Bayern München"]

1. e4 e5 2. Nf3 Nc6 3. Bb5 a6 4. Ba4 Nf6 5. O-O b5 6. Bb3 Bc5 7. d3 d6 8. a4
Rb8 9. axb5 axb5 10. Be3 Bxe3 11. fxe3 O-O 12. Nbd2 Be6 13. c3 Qd7 14. Nh4 Ne7
15. Nhf3 h6 1/2-1/2

[Event "Böblinger Open 2014"]
[Site "Böblingen"]
[Date "2016.12.29"]
[Round "7.3"]
[White "Kantor, Gergely"]
[Black "Vogel, Roven"]
[Result "0-1"]
[WhiteElo "2442"]
[BlackElo "2420"]
[PlyCount "132"]
[EventDate "2016.??.??"]
[BlackTeam "USV TU Dresden"]

1. d4 d5 2. c4 c6 3. Nf3 Nf6 4. e3 Bg4 5. h3 Bh5 6. g4 Bg6 7. Ne5 Nbd7 8. Nxg6
hxg6 9. Qb3 Qb6 10. g5 Ne4 11. cxd5 Qxb3 12. axb3 cxd5 13. Nc3 e6 14. Nxe4 dxe4
15. Bg2 Rh4 16. f3 e5 17. fxe4 Be7 18. Bd2 Bxg5 19. Ke2 Bd8 20. Rhc1 Bb6 21.
Rc4 Rh5 22. Rac1 Rd8 23. Bb4 Nf8 24. d5 Nd7 25. Bd6 Nf6 26. Bc7 Bxc7 27. Rxc7
Rd7 28. Rc8+ Ke7 29. Ra8 Ne8 30. Rxa7 Nd6 31. Kd3 Rg5 32. Rc2 f5 33. Ra1 Rg3
34. Rf1 Rd8 35. Rff2 Kd7 36. Rc1 Rh8 37. exf5 gxf5 38. Ke2 Rh4 39. Rc3 Rb4 40.
e4 Rxc3 41. bxc3 Rxb3 42. exf5 Rxc3 43. Kd1 Ke7 44. Rb2 b5 45. Ra2 e4 46. Ra7+
Kf6 47. Rd7 Ke5 48. Rxg7 Nxf5 49. Rg8 Ne3+ 50. Ke1 Nxg2+ 51. Rxg2 Rxh3 52. Rg5+
Kd6 53. Ke2 Rd3 54. Rg8 Kxd5 55. Rg5+ Kc4 56. Re5 Rd8 57. Rxe4+ Kb3 58. Re3+
Ka4 59. Re7 b4 60. Ra7+ Kb3 61. Rc7 Kb2 62. Rb7 b3 63. Rb6 Ka2 64. Ra6+ Kb1 65.
Ra7 b2 66. Rc7 Ra8 0-1

[Event "Böblinger Open 2014"]
[Site "Böblingen"]
[Date "2016.12.29"]
[Round "7.4"]
[White "Skoberne, Jure"]
[Black "Sandalakis, Angelos"]
[Result "1-0"]
[WhiteElo "2551"]
[BlackElo "2443"]
[PlyCount "83"]
[EventDate "2016.??.??"]

1. d4 Nf6 2. Nf3 e6 3. Bf4 c5 4. e3 Be7 5. dxc5 Qa5+ 6. Nbd2 Qxc5 7. c4 Nc6 8.
a3 a5 9. Bd3 d5 10. O-O O-O 11. Rc1 Rd8 12. Nb3 Qa7 13. c5 b6 14. Nbd4 Nxd4 15.
Nxd4 bxc5 16. Nc6 Qd7 17. Nxd8 Qxd8 18. Bb5 Qb6 19. a4 Bb7 20. b3 Ne4 21. Be5
f6 22. Bb2 Nd6 23. Bd3 c4 24. Bd4 Qc6 25. Qg4 Bc8 26. Qh4 Nf5 27. Bxf5 exf5 28.
Qf4 Be6 29. h4 Rc8 30. h5 h6 31. Rb1 Bd6 32. Qh4 cxb3 33. Rxb3 Qxa4 34. Rb7 Bf7
35. f4 Qe8 36. Rf3 Rc7 37. Rxc7 Bxc7 38. Rg3 Kf8 39. Bc5+ Kg8 40. Qxf6 g5 41.
hxg6 Be6 42. Bd4 1-0

[Event "Böblinger Open 2014"]
[Site "Böblingen"]
[Date "2016.12.29"]
[Round "7.5"]
[White "Danielsen, Henrik"]
[Black "Schiendorfer, Emanuel"]
[Result "1/2-1/2"]
[WhiteElo "2481"]
[BlackElo "2349"]
[PlyCount "107"]
[EventDate "2016.??.??"]
[WhiteTeam "SF Schwerin"]

1. Nf3 d5 2. c4 e6 3. d4 Nf6 4. Nc3 Be7 5. Bg5 O-O 6. Qc2 c5 7. dxc5 dxc4 8. e3
Qa5 9. Bxc4 Qxc5 10. Bd3 h6 11. Bf4 Nc6 12. a3 a6 13. O-O Bd7 14. b4 Qa7 15.
Rfd1 Rac8 16. Rac1 b5 17. h3 Rfd8 18. Nd2 Nd5 19. Nxd5 exd5 20. Qb1 Bf6 21. Nb3
Ne7 22. Bd6 Rxc1 23. Rxc1 Rc8 24. Bc5 Qa8 25. Rd1 Be6 26. Bh7+ Kh8 27. Bc2 Nc6
28. f4 Re8 29. Bd3 Qc8 30. Qc2 Ne7 31. Rc1 Bf5 32. g4 Bxd3 33. Qxd3 Qe6 34. Rd1
g6 35. Kf2 Bg7 36. Kf3 Qf6 37. Kg3 Qe6 38. Bd4 Ng8 39. Nc5 Qc6 40. Kf3 Bf6 41.
h4 Kh7 42. Bxf6 Nxf6 43. g5 d4+ 44. e4 Nd7 45. Qxd4 Nxc5 46. bxc5 Qe6 47. Kg3
h5 48. Qd7 Qxe4 49. Qxf7+ Kh8 50. Qf6+ Kg8 51. Rd8 Qe3+ 52. Kg2 Qe2+ 53. Kg1
Qe1+ 54. Kg2 1/2-1/2

[Event "Böblinger Open 2014"]
[Site "Böblingen"]
[Date "2016.12.29"]
[Round "7.6"]
[White "Shishkin, Vadim"]
[Black "Naßhan, Dennis"]
[Result "1/2-1/2"]
[WhiteElo "2452"]
[BlackElo "2321"]
[PlyCount "48"]
[EventDate "2016.??.??"]
[BlackTeam "SV Worms"]

1. d4 d5 2. c4 c6 3. Nf3 Nf6 4. Nc3 e6 5. Bg5 dxc4 6. e4 b5 7. a4 Qb6 8. Bxf6
gxf6 9. g3 Bb7 10. Bg2 a6 11. O-O Nd7 12. d5 Bc5 13. dxe6 fxe6 14. b3 O-O-O 15.
bxc4 b4 16. a5 Qc7 17. Ne2 Ne5 18. Qc2 Nxf3+ 19. Bxf3 h5 20. h4 Rdg8 21. Kg2
Qe5 22. Rac1 Qc7 23. Ra1 Qe5 24. Rac1 Qc7 1/2-1/2

[Event "Böblinger Open 2014"]
[Site "Böblingen"]
[Date "2016.12.29"]
[Round "7.8"]
[White "Gandrud, Vegar Koi"]
[Black "Kvetny, Mark"]
[Result "1-0"]
[WhiteElo "2279"]
[BlackElo "2389"]
[PlyCount "81"]
[EventDate "2016.??.??"]
[BlackTeam "Stuttgarter SF"]

1. d4 Nf6 2. c4 e6 3. Nf3 Bb4+ 4. Nbd2 O-O 5. a3 Be7 6. e4 d6 7. Be2 b6 8. O-O
Bb7 9. Qc2 e5 10. b4 exd4 11. Nxd4 Nfd7 12. Bb2 Bf6 13. f4 Nc6 14. Nxc6 Bxc6
15. Bf3 Re8 16. Rae1 Bxb2 17. Qxb2 a5 18. e5 Bxf3 19. Nxf3 axb4 20. axb4 dxe5
21. fxe5 Nf8 22. Nd4 Ne6 23. Nc6 Qd3 24. Qf2 Rf8 25. Qh4 Ra2 26. Re4 Qd2 27.
Rg4 Qe3+ 28. Kh1 h6 29. Qf6 Kh8 30. Qf5 Re2 31. h3 Ng5 32. Ne7 Ne6 33. Qxe6
fxe6 34. Rxf8+ Kh7 35. Ng6 Re1+ 36. Kh2 Qg5 37. Rxg5 hxg5 38. Ne7 Rxe5 39. Rc8
c5 40. bxc5 bxc5 41. Rh8+ 1-0